| 000 | 00842nam a22002537a 4500 | ||
|---|---|---|---|
| 003 | 0 | ||
| 005 | 20241122103624.0 | ||
| 008 | 241122b xxu||||| |||| 00| 0 eng d | ||
| 020 | _a9780323672252 | ||
| 050 |
_aRG 951 _b.C67 2024 |
||
| 245 |
_aCore curriculum for maternal-newborn nursing / _cedited by Brenda Baker, Jill Janke. |
||
| 250 | _a6th ed. | ||
| 260 |
_aSt. Louis, Missouri : _bElsevier, _c2024. |
||
| 300 |
_axi, 483 p. : _bill. ; _c28 cm. |
||
| 504 | _aIncludes bibliographical references and index. | ||
| 650 |
_aMaternity nursing _vOutlines, syllabi, etc. |
||
| 650 |
_aNursing _vStudy and teaching _xOutlines, syllabi, etc. |
||
| 650 |
_aEducation _vCurricula. |
||
| 650 |
_aMaternal _vChild nursing. |
||
| 650 | _aCurriculum. | ||
| 700 |
_aBaker, Brenda, _eeditor. |
||
| 700 |
_aJanke, Jill, _eeditor. |
||
| 942 |
_2lcc _cBK |
||
| 999 |
_c366788 _d366788 |
||